Trh korunových eurobondů

Definícia eurobondu. Vznik a rozvoj trhu korunových eurobondov. Emitenti korunových eurobondov. Investori ako nositelia kurzového rizika. Obchodovateľnosť korunových eurobondov na tuzemskom trhu. Vplyv korunových eurobondových emisií na základné makroekonomické veličiny, na peňažnú zásobu.

Salvato in:
Dettagli Bibliografici
Autore principale: Matalíková, Ivana
Natura: Capitolo di libro
Lingua:ceco
Soggetti:
Tags: Aggiungi Tag
Nessun Tag, puoi essere il primo ad aggiungerne!!

MARC

LEADER 00000naa a2200000 4500
001 r026472
005 20230908090028.7
041 0 |a cze 
044 |a CZ 
245 1 0 |a Trh korunových eurobondů  |c I. Matalíková 
520 |a Definícia eurobondu. Vznik a rozvoj trhu korunových eurobondov. Emitenti korunových eurobondov. Investori ako nositelia kurzového rizika. Obchodovateľnosť korunových eurobondov na tuzemskom trhu. Vplyv korunových eurobondových emisií na základné makroekonomické veličiny, na peňažnú zásobu. 
610 2 0 |a trh kapitálový medzinárodný 
610 2 0 |a pojmy 
610 2 0 |a koruna 
610 2 0 |a Česko 
610 2 0 |a emitenti 
610 2 0 |a investori 
610 2 0 |a riziko 
610 2 0 |a euroobligácie 
100 1 |a Matalíková, Ivana